LEADER 00906nam0-22003131i-450- 001 990004561810403321 005 20160406131235.0 035 $a000456181 035 $aFED01000456181 035 $a(Aleph)000456181FED01 035 $a000456181 100 $a19990604e19261913km-y0itay50------ba 101 0 $ager 105 $ay-------001yy 200 1 $aGeschichte der leben Jesu Forschung$fvon Albert Schweitzer 205 $a4. photomechanische gedrukte Aufl. 210 $aTubingen$cMohr$d1926 215 $aXII, 559 p.$d24 cm 300 $aRipr. facs. dell'ed.: Tubingen, 1913. 610 0 $aCristologia 676 $a232 700 1$aSchweitzer,$bAlbert$f<1875-1965>$0130919 801 0$aIT$bUNINA$gRICA$2UNIMARC 901 $aBK 912 $a990004561810403321 952 $a232 SCHW 1$bs.i.$fFLFBC 959 $aFLFBC 996 $aGeschichte der leben Jesu Forschung$9549224 997 $aUNINA LEADER 01493nam 2200385 a 450 001 9910701528603321 005 20120326150927.0 035 $a(CKB)5470000002419804 035 $a(OCoLC)781641394 035 $a(EXLCZ)995470000002419804 100 $a20120326d2012 ua 0 101 0 $aeng 135 $aurbn||||||||| 181 $ctxt$2rdacontent 182 $cc$2rdamedia 183 $acr$2rdacarrier 200 10$aNuclear safety$b[electronic resource] $earrangement between the United States of America and Finland, signed at Vienna, September 21, 2011, with addenda 210 1$a[Washington, D.C.] :$cU.S. Dept. of State,$d[2012?] 215 $a1 online resource (18 unnumbered pages) 225 1 $aTreaties and other international acts series ;$v11-921 300 $aTitle from title screen (viewed on Mar. 26, 2012). 517 $aNuclear safety 606 $aNuclear facilities$xSafety measures$xResearch$zUnited States 606 $aNuclear facilities$xSafety measures$xResearch$zFinland 606 $aNuclear facilities$xSafety measures$xInternational cooperation 615 0$aNuclear facilities$xSafety measures$xResearch 615 0$aNuclear facilities$xSafety measures$xResearch 615 0$aNuclear facilities$xSafety measures$xInternational cooperation. 712 02$aUnited States.$bDepartment of State. 801 0$bGPO 801 1$bGPO 906 $aBOOK 912 $a9910701528603321 996 $aNuclear safety$92319825 997 $aUNINA